1476 1946 1117 1720 1432 1204 1550 1809 1620 1289 1131 1559 1741 1541 1345 1539 1194 1672 1914 1511 1702 1787 1032 1359 1310 1960 1606 1573 1604 1526 1324 1770 1549 1830 1833 1810 1056 1787 1191 1741 1794 1942 1218 1746 1630 1771 1336 1472 1982 1348 1643 1348 1754 1789 1280 1446 1229 1474 1903 1269 1491 1486 1580 1713 1260 1375 1219 1602 1858 1919 1920 1211 1752 1596 1905 1187 1905 1222 1631 1046 1997 1794 1144 1188 1786 1140 1471 1854 1037 1878 1314 1337 1738 1704 1495 1259 1172 1707 1448 BCNSPRNW ULIB Ver.6.0+V

เปลี่ยนเป็นภาษาไทย

Change to English
 แสดงรายละเอียดบรรณานุกรม
  กลับหน้าหลัก

Brief Record : Get Marc (ISO 2709) : E-mail record : QR code < ปิดหน้าต่าง
LEADER : 00000nam 2200000uu 4500
001    13399129173
003     ULIB
008    260422s2568||||th 000 0 tha d
020    ^a9786166297461
060  0 ^aWY158^bป221ก
100 0  ^aปาณิสรา ส่งวัฒนายุทธ.
245 1  ^aการพยาบาลผู้ใหญ่และผู้สูงอายุที่มีปัญหาทางตาแบบองค์รวม =^bHolistic nursing care for adults and older /^cปาณิสรา ส่งวัฒนายุทธ.
246 3  ^aHolistic nursing care for adults and older
250    ^aพิมพ์ครั้งที่ 1.
260    ^aเพชรบุรี :^bวิทยาลัยพยาบาลพระจอมเกล้า จังหวัดเพชรบุรี,^c2568.
300    ^avii, 231 หน้า :^bภาพประกอบ
505    ^atแนวคิดและหลักการพยาบาลแบบองค์รวมผู้ใหญ่และผู้สูงอายุที่มีปัญหาทางตา -- การพยาบาลผู้ใหญ่และผู้สูงอายุที่เป็นต้อหินแบบองค์รวม -- การพยาบาลสำหรับผู้ใหญ่และผู้สูงอายุที่มีการบาดเจ็บทางตาแบบองค์รวม -- การพยาบาลผู้ใหญ่และผู้สูงอายุที่มีจอตาลอกแบบองค์รวม -- การพยาบาลผู้ใหญ่และผู้สูงอายุที่เป็นโรคจอตาเสื่อมแบบองค์รวม -- การพยาบาลสำหรับผู้ใหญ่และผู้สูงอายุที่มีเบาหวานขึ้นตาจอแบบองค์รวม -- กรณีศึกษาและการพยาบาลผู้ใหญ่และผู้สูงอายุที่มีปัญหาการมองเห็นแบบองค์รวม.
650  4 ^aการพยาบาลผู้สูงอายุ.
650  4 ^aการพยาบาลอายุรศาสตร์.
650  4 ^aต้อหิน.
650  4 ^aตา^xการดูแลและสุขวิทยา.
650  4 ^aตา^xโรค.
655  4 ^aHealth Science Branch.
710 2  ^aวิทยาลัยพยาบาลพระจอมเกล้า จังหวัดเพชรบุรี.
999    ^aประนอม เกษจรัล
รายการนี้ยังไม่มีแท็ก
คุณยังไม่ได้ล็อกอิน คุณสามารถมีกิจกรรมร่วมกับเว็บไซต์ได้ แต่ต้องล็อกอินก่อน ::
  ล็อกอิน

รายการสื่อสารสนเทศ

ลำดับที่ ประเภท เลขเรียก/บาร์โค้ด สถานที่ สถานะ
1. Book การพยาบาล
หนังสือสำรอง
สถานะ=หนังสือสำรอง
WY158 ป221ก ฉ.1 
  Barcode: 012001
ห้องสมุดวิทยาเขตสวรรค์ประชารักษ์
►หนังสือทั่วไป
บนชั้น
2. Book การพยาบาล
Book การพยาบาล
WY158 ป221ก ฉ.2 
  Barcode: 012002
ห้องสมุดวิทยาเขตสวรรค์ประชารักษ์
►หนังสือทั่วไป
บนชั้น
3. Book การพยาบาล
Book การพยาบาล
WY158 ป221ก ฉ.3 
  Barcode: 012003
ห้องสมุดวิทยาเขตสวรรค์ประชารักษ์
►หนังสือทั่วไป
บนชั้น
4. Book การพยาบาล
Book การพยาบาล
WY158 ป221ก ฉ.4 
  Barcode: 012004
ห้องสมุดวิทยาเขตสวรรค์ประชารักษ์
►หนังสือทั่วไป
บนชั้น
5. Book การพยาบาล
Book การพยาบาล
WY158 ป221ก ฉ.5 
  Barcode: 012006
ห้องสมุดวิทยาเขตสวรรค์ประชารักษ์
►หนังสือทั่วไป
บนชั้น

รายการใกล้เคียง
    หัวเรื่อง [การพยาบาลผู้สูงอายุ.]
    หัวเรื่อง [การพยาบาลอายุรศาสตร์.]

BibComment


ยังไม่เคยถูกคอมเมนท์

คอมเมนท์ทรัพยากรรายการนี้
  คอมเมนท์: การพยาบาลผู้ใหญ่..


 Copyright 2026. Bcnsprnw @Library